• 首页
  • 本馆介绍
  • 公告通知
  • 最新文献
  • 馆藏检索
  • 电子资源
  • 读者导购
  • 参考咨询
  • 我的图书馆
  • 登录
  • 详细信息显示
  • 放入我的书架
  • 预约/预借图书
  • 作者相关作品
  • 分类相关作品
  • 丛书相关作品
  • 出版社相关作品

书目信息

  • 表格格式
  • 工作单格式
  • 卡片格式
题名:
田径
    
 
作者: 体育院、系教材编审委员会《田径》编写组编
分册:  
出版信息: 北京   人民体育出版社  1983.04
页数: 237页
开本: 19cm
丛书名:
单 册:
中图分类: G82
科图分类:
主题词: 田径运动
电子资源:
ISBN:
000 00624nam0 2200241 45
001 0183011247
005 20040509084312.9
010    @dCNY0.79
091    @a7015.2158(上)
100    @a19950621d1983 em y0chiy0121 ea
101 0  @achi
102    @aCN@b110000
105    @ay z 000yy
106    @ar
200 10 @a田径@Atian jing@f体育院、系教材编审委员会《田径》编写组编
205    @a2版
210    @a北京@c人民体育出版社@d1983.04
215    @a237页@d19cm
606    @a田径运动
690    @aG82@v3
801  0 @aCN@b上海图书馆@c20040509
801  2 @aCN@bNLC@c20040509
905    @f2@b110199-200@dG82@e2:1=2@b110202@f1
    
    田径/体育院、系教材编审委员会《田径》编写组编.-2版.-北京:人民体育出版社,1983.04
    237页;19cm
    
    
    ISBN :CNY0.79
    
●
相关链接 在E读中查询图书 在五车中查询图书 在当当中查询图书 在豆瓣中查询图书


正题名:田径     索取号:G82/2:1=2         预约/预借

序号 登录号 条形码 馆藏地/架位号 状态 备注
1 0110199   000997336   密集书库/ [索取号:G82/2:1=2] 在馆    
2 0110200   000997372   密集书库/ [索取号:G82/2:1=2] 在馆    
3 0110202   000997381   密集书库/ [索取号:G82/2:1=2] 在馆    
4 0110203   002065268   第一样本阅览室/ [索取号:G82/2:1=2] 在馆    
唐山师范学院图书馆 欢迎您!
大连网信软件有限公司© 版权所有